<?xml version="1.0" encoding="UTF-8"?><?xml-stylesheet type="text/xsl" href="static/style.xsl"?><OAI-PMH xmlns="http://www.openarchives.org/OAI/2.0/" xmlns:xsi="http://www.w3.org/2001/XMLSchema-instance" xsi:schemaLocation="http://www.openarchives.org/OAI/2.0/ http://www.openarchives.org/OAI/2.0/OAI-PMH.xsd"><responseDate>2026-04-14T06:55:51Z</responseDate><request verb="GetRecord" identifier="oai:www.recercat.cat:2072/465142" metadataPrefix="marc">https://recercat.cat/oai/request</request><GetRecord><record><header><identifier>oai:recercat.cat:2072/465142</identifier><datestamp>2026-04-02T07:00:02Z</datestamp><setSpec>com_2072_98</setSpec><setSpec>col_2072_378192</setSpec></header><metadata><record xmlns="http://www.loc.gov/MARC21/slim" xmlns:dcterms="http://purl.org/dc/terms/" xmlns:xsi="http://www.w3.org/2001/XMLSchema-instance" xmlns:doc="http://www.lyncode.com/xoai" xsi:schemaLocation="http://www.loc.gov/MARC21/slim http://www.loc.gov/standards/marcxml/schema/MARC21slim.xsd">
   <leader>00925njm 22002777a 4500</leader>
   <datafield ind2=" " ind1=" " tag="042">
      <subfield code="a">dc</subfield>
   </datafield>
   <datafield ind2=" " ind1=" " tag="720">
      <subfield code="a">De Salvo, Dario</subfield>
      <subfield code="e">author</subfield>
   </datafield>
   <datafield ind2=" " ind1=" " tag="260">
      <subfield code="c">2022</subfield>
   </datafield>
   <datafield ind2=" " ind1=" " tag="520">
      <subfield code="a">Il 12 ottobre del 1949 Leonardo Sciascia comincia la sua carriera di maestro elementare. Avverte, fin da subito, un forte senso di disagio che espliciterà chiaramente nel 1956 con Le Parrocchie di Regalpetra. Un'opera che, sebbene venga ambientata in un luogo fantastico, descrive mirabilmente la sfiducia degli insegnanti, il contesto in cui sono costretti a vivere gli alunni e l'inadeguatezza dei programmi scolastici. Ma il disagio avvertito fu senza dubbio il punteruolo, come testimoniano i suoi registri di classe, per descrivere con una straordinaria sensibilità letteraria il clima pedagogico siciliano degli anni Cinquanta del Novecento.</subfield>
   </datafield>
   <datafield ind2=" " ind1=" " tag="520">
      <subfield code="a">El 12 d'octubre de 1949, Leonardo Sciascia va començar la seva carrera com a professor d'escola primària. De seguida va sentir un fort sentiment de malestar que va expressar clarament el 1956 a Le Parrocchia di Regalpetra. Una obra que, tot i que ambientada en un lloc inventat, descriu admirablement la desconfiança dels professors, el context en què els alumnes es veuen obligats a viure i la inadequació dels programes escolars. Però el malestar que sentia era, sens dubte, l'agullò, com ho demostren els seus registres de classe, per descriure amb una extraordinària sensibilitat literària el clima pedagògic sicilià dels anys cinquanta del segle XX.</subfield>
   </datafield>
   <datafield ind2=" " ind1=" " tag="520">
      <subfield code="a">On October 12, 1949, Leonardo Sciascia began his career as an elementary school teacher. He sensed, right from the start, a strong sense of unease that he would make clear in 1956 with Le Parrocchie di Regalpetra. A work that, although it is set in a fantastic place, admirably describes the distrust of teachers, the context in which pupils are forced to live and the inadequacy of school programs. But the discomfort he felt was undoubtedly the pointer, as evidenced by his class records, to describe with extraordinary literary sensitivity the Sicilian pedagogical climate of the 1950s.</subfield>
   </datafield>
   <datafield ind2=" " ind1=" " tag="520">
      <subfield code="a">El 12 de octubre de 1949, Leonardo Sciascia comenzó su carrera como maestro de escuela primaria. Inmediatamente sintió una fuerte sensación de inquietud que expresó claramente en 1956 con Le Parrocchia di Regalpetra. Una obra que, aunque ambientada en un lugar fantástico, describe admirablemente la desconfianza de los profesores, el contexto en el que los alumnos se ven obligados a vivir y la insuficiencia de los programas escolares. Pero la incomodidad que sintió fue sin duda el punzón, como lo demuestran sus registros de clase, para describir con una extraordinaria sensibilidad literaria el clima pedagógico siciliano de los años cincuenta del siglo XX.</subfield>
   </datafield>
   <datafield tag="653" ind2=" " ind1=" ">
      <subfield code="a">Leonardo Sciascia</subfield>
   </datafield>
   <datafield tag="653" ind2=" " ind1=" ">
      <subfield code="a">Pedagogy</subfield>
   </datafield>
   <datafield tag="653" ind2=" " ind1=" ">
      <subfield code="a">Education</subfield>
   </datafield>
   <datafield tag="653" ind2=" " ind1=" ">
      <subfield code="a">Primary school</subfield>
   </datafield>
   <datafield tag="653" ind2=" " ind1=" ">
      <subfield code="a">20th century</subfield>
   </datafield>
   <datafield tag="653" ind2=" " ind1=" ">
      <subfield code="a">Pedagogia</subfield>
   </datafield>
   <datafield tag="653" ind2=" " ind1=" ">
      <subfield code="a">Educazione</subfield>
   </datafield>
   <datafield tag="653" ind2=" " ind1=" ">
      <subfield code="a">Scuola elementare</subfield>
   </datafield>
   <datafield tag="653" ind2=" " ind1=" ">
      <subfield code="a">Novecento</subfield>
   </datafield>
   <datafield tag="653" ind2=" " ind1=" ">
      <subfield code="a">Pedagogía</subfield>
   </datafield>
   <datafield tag="653" ind2=" " ind1=" ">
      <subfield code="a">Educación</subfield>
   </datafield>
   <datafield tag="653" ind2=" " ind1=" ">
      <subfield code="a">Escuela primaria</subfield>
   </datafield>
   <datafield tag="653" ind2=" " ind1=" ">
      <subfield code="a">Siglo XX</subfield>
   </datafield>
   <datafield tag="653" ind2=" " ind1=" ">
      <subfield code="a">Educació</subfield>
   </datafield>
   <datafield tag="653" ind2=" " ind1=" ">
      <subfield code="a">Escola primària</subfield>
   </datafield>
   <datafield tag="653" ind2=" " ind1=" ">
      <subfield code="a">Segle XX</subfield>
   </datafield>
   <datafield ind2="0" ind1="0" tag="245">
      <subfield code="a">"Non è senza timore che inizio la mia opera di insegnante" : Leonardo Sciascia maestro elementare (1949-1957)</subfield>
   </datafield>
</record></metadata></record></GetRecord></OAI-PMH>